[Event "Ruhrgebiet Verbandsbezirksliga Gr 1"]
[Site "Ruhrgebiet"]
[Date "2019.04.07"]
[Round "8.5"]
[White "Konrad, Alechander"]
[Black "Steinzen, Johannes"]
[Result "0-1"]
[WhiteElo "1637"]
[BlackElo "1771"]
[PlyCount "50"]
[EventDate "2018.09.30"]
[EventType "team-tourn"]
[EventRounds "9"]
[EventCountry "GER"]
[SourceTitle "EXT 2022"]
[Source "ChessBase"]
[SourceDate "2021.10.06"]
[SourceVersion "1"]
[SourceVersionDate "2021.10.06"]
[SourceQuality "1"]
[WhiteTeam "Unna SV II"]
[BlackTeam "Luenen Horstmar SC"]
[WhiteTeamCountry "GER"]
[BlackTeamCountry "GER"]

1. d4 f5 2. c4 Nf6 3. Nc3 e6 4. Nf3 d5 5. Bf4 Bd6 6. Ne5 c6 7. e3 0-0 8. f3 b6 9. Qa4 Bb7 10. Be2 Qe7 11. h4 Nfd7 12. Bg5 Qe8 13. Bf4 Nxe5 14. dxe5 Bc7 15. Rc1 Qe7 16. cxd5 exd5 17. Qd4 Na6 18. Bg3 Nc5 19. f4 Ne6 20. Qd1 b5 21. Qc2 Bb6 22. Bf2 a6 23. Qb3 Nc5 24. Qa3 b4 25. Nxd5 cxd5 0-1

[Event "Ruhrgebiet Verbandsklasse Gruppe 3 1718"]
[Site "Germany"]
[Date "2018.04.29"]
[Round "9.8"]
[White "Steinzen, Johannes"]
[Black "Strack, Patrick"]
[Result "1/2-1/2"]
[WhiteElo "1771"]
[BlackElo "1742"]
[PlyCount "68"]
[EventDate "2017.09.17"]
[EventType "team-tourn"]
[EventRounds "9"]
[EventCountry "GER"]
[SourceTitle "EXT 2022"]
[Source "ChessBase"]
[SourceDate "2021.10.06"]
[SourceVersion "1"]
[SourceVersionDate "2021.10.06"]
[SourceQuality "1"]
[WhiteTeam "Luenen Horstmar SC"]
[BlackTeam "Brackel SF III"]
[WhiteTeamCountry "GER"]
[BlackTeamCountry "GER"]

1. d4 d5 2. Nf3 Nf6 3. e3 e6 4. Bd3 c5 5. c3 Nc6 6. Nbd2 b6 7. 0-0 Bb7 8. Re1 Bd6 9. dxc5 bxc5 10. e4 Qc7 11. Qe2 dxe4 12. Nxe4 Nxe4 13. Bxe4 h6 14. Be3 0-0 15. Rad1 Rfd8 16. h3 Ne7 17. Bxb7 Qxb7 18. Bc1 Ng6 19. Qc4 Rd7 20. Rd3 Rad8 21. Red1 e5 22. Ne1 e4 23. R3d2 Ne5 24. Qe2 c4 25. Rd4 Bc5 26. Rxd7 Rxd7 27. Rxd7 Qxd7 28. Be3 Bxe3 29. Qxe3 Qb7 30. b4 cxb3 31. axb3 Qxb3 32. Qxa7 Qxc3 33. Qa8+ Kh7 34. Qxe4+ g6 1/2-1/2

[Event "Ruhrgebiet Verbandsklasse Gruppe 3 1718"]
[Site "Germany"]
[Date "2017.10.08"]
[Round "2.8"]
[White "Pappert, Thomas"]
[Black "Steinzen, Johannes"]
[Result "1/2-1/2"]
[WhiteElo "1750"]
[BlackElo "1760"]
[PlyCount "71"]
[EventDate "2017.09.17"]
[EventType "team-tourn"]
[EventRounds "9"]
[EventCountry "GER"]
[SourceTitle "EXT 2022"]
[Source "ChessBase"]
[SourceDate "2021.10.06"]
[SourceVersion "1"]
[SourceVersionDate "2021.10.06"]
[SourceQuality "1"]
[WhiteTeam "Bochum-Linden"]
[BlackTeam "Luenen Horstmar SC"]
[WhiteTeamCountry "GER"]
[BlackTeamCountry "GER"]

1. c4 f5 2. f4 Nf6 3. Nf3 e6 4. e3 d5 5. d4 c6 6. Nc3 Be7 7. Be2 0-0 8. 0-0 Ne4 9. Qc2 Nd7 10. b3 Ndf6 11. Bb2 Bd7 12. Ne5 Be8 13. c5 Bh5 14. b4 Bxe2 15. Qxe2 Nd7 16. Nd3 a6 17. Nf2 Nef6 18. Rfb1 b5 19. a4 Qc7 20. a5 Qd8 21. Kf1 Ne4 22. Ncxe4 dxe4 23. Bc3 Nf6 24. Ke1 Nd5 25. Kd2 g6 26. Rh1 Kf7 27. g4 Ke8 28. Rag1 Kd7 29. g5 Rh8 30. Nh3 Bf8 31. Qg2 Bg7 32. Nf2 Ke7 33. Rb1 Qd7 34. h4 Rad8 35. Rhd1 Kf7 36. Qg3 1/2-1/2

[Event "Ruhrgebiet Bezirksliga 16/17"]
[Site "Ruhrgebiet"]
[Date "2017.01.22"]
[Round "7.7"]
[White "Schwarzkopf, Guenter"]
[Black "Steinzen, Johannes"]
[Result "1/2-1/2"]
[WhiteElo "1606"]
[BlackElo "1815"]
[PlyCount "34"]
[EventDate "2016.08.28"]
[EventType "team-tourn"]
[EventRounds "11"]
[EventCountry "GER"]
[SourceTitle "EXT 2022"]
[Source "ChessBase"]
[SourceDate "2021.10.06"]
[SourceVersion "1"]
[SourceVersionDate "2021.10.06"]
[SourceQuality "1"]
[WhiteTeam "Wickede SK"]
[BlackTeam "Luenen Horstmar SC"]
[WhiteTeamCountry "GER"]
[BlackTeamCountry "GER"]

1. d4 e6 2. Nf3 f5 3. Bf4 Nf6 4. e3 d5 5. Nbd2 Be7 6. Bd3 0-0 7. 0-0 c6 8. c4 Ne4 9. Rc1 Nd7 10. cxd5 exd5 11. Ne5 Nxe5 12. Bxe5 Bd6 13. Bxd6 Qxd6 14. Nf3 Bd7 15. Ne5 Qe7 16. Bb1 Be8 17. Qe1 Rc8 1/2-1/2

[Event "Ruhrgebiet Bezirksliga 16/17"]
[Site "Ruhrgebiet"]
[Date "2016.12.11"]
[Round "5.7"]
[White "Leisen, Peter"]
[Black "Steinzen, Johannes"]
[Result "1/2-1/2"]
[WhiteElo "1726"]
[BlackElo "1815"]
[PlyCount "28"]
[EventDate "2016.08.28"]
[EventType "team-tourn"]
[EventRounds "11"]
[EventCountry "GER"]
[SourceTitle "EXT 2022"]
[Source "ChessBase"]
[SourceDate "2021.10.06"]
[SourceVersion "1"]
[SourceVersionDate "2021.10.06"]
[SourceQuality "1"]
[WhiteTeam "Boenen SV II"]
[BlackTeam "Luenen Horstmar SC"]
[WhiteTeamCountry "GER"]
[BlackTeamCountry "GER"]

1. d4 f5 2. Nf3 Nf6 3. g3 e6 4. Bg2 d5 5. 0-0 Bd6 6. c4 c6 7. b3 Qe7 8. Bb2 0-0 9. Ne5 Nbd7 10. Nd2 Ne4 11. Rc1 Nxd2 12. Qxd2 Nxe5 13. dxe5 Bb4 14. Bc3 Bxc3 1/2-1/2

[Event "Ruhrgebiet Bezirksliga 15/16"]
[Site "Ruhrgebiet"]
[Date "2016.01.31"]
[Round "7.3"]
[White "Steinzen, Johannes"]
[Black "Seibert, Joachim"]
[Result "1-0"]
[WhiteElo "1834"]
[BlackElo "1561"]
[PlyCount "71"]
[EventDate "2015.08.30"]
[EventType "team-tourn"]
[EventRounds "9"]
[EventCountry "GER"]
[SourceTitle "EXT 2022"]
[Source "ChessBase"]
[SourceDate "2021.10.06"]
[SourceVersion "1"]
[SourceVersionDate "2021.10.06"]
[SourceQuality "1"]
[WhiteTeam "Luenen Horstmar SC"]
[BlackTeam "Unna SV II"]
[WhiteTeamCountry "GER"]
[BlackTeamCountry "GER"]

1. d4 Nf6 2. Nf3 e6 3. e3 c5 4. c3 Nc6 5. Bd3 d5 6. Nbd2 cxd4 7. exd4 Bd6 8. Qe2 0-0 9. 0-0 Re8 10. Ne5 Ne7 11. Re1 Qc7 12. Ndf3 Ng6 13. Nxg6 hxg6 14. Ne5 Nh7 15. h3 Qe7 16. Qf3 Rf8 17. Bd2 Bxe5 18. dxe5 b6 19. Qg3 Bb7 20. h4 Rad8 21. Be3 Rd7 22. f3 Rc8 23. Qg4 Nf8 24. h5 gxh5 25. Qxh5 f5 26. exf6 gxf6 27. Kf2 f5 28. Rh1 Qd6 29. Bh6 Qe5 30. Rh3 Rcc7 31. Rg3+ Rg7 32. Bxg7 Rxg7 33. Rxg7+ Qxg7 34. Rh1 Ng6 35. Rh3 Nf4 36. Qe8+ 1-0

[Event "NRW Verbandsklasse Group2 1314"]
[Site "Nordrheinwestfalen"]
[Date "2013.10.13"]
[Round "2.3"]
[White "Sokalska, Viktorija"]
[Black "Steinzen, Johannes"]
[Result "1/2-1/2"]
[WhiteElo "1881"]
[BlackElo "1815"]
[PlyCount "43"]
[EventDate "2013.09.08"]
[EventType "team-tourn"]
[EventRounds "9"]
[EventCountry "GER"]
[SourceTitle "EXT 2020"]
[Source "ChessBase"]
[SourceDate "2019.10.17"]
[SourceVersion "1"]
[SourceVersionDate "2019.10.17"]
[SourceQuality "1"]
[WhiteTeam "Muelheim Nord IV"]
[BlackTeam "Luenen Horstmar SC"]
[WhiteTeamCountry "GER"]
[BlackTeamCountry "GER"]

1. e4 d6 2. Nc3 Nf6 3. g3 e5 4. Bg2 Be7 5. Nge2 0-0 6. 0-0 Ne8 7. d4 c6 8. Be3 f5 9. f4 exf4 10. Nxf4 fxe4 11. Bxe4 Nf6 12. Bd3 Bg4 13. Qd2 d5 14. Rae1 Bb4 15. Bf2 Re8 16. Rxe8+ Qxe8 17. Re1 Qf7 18. h3 Bd7 19. Qe2 Na6 20. a3 Bd6 21. Be3 Nc7 22. Kh2 1/2-1/2

[Event "NRW Verbandsklasse Group2 1314"]
[Site "Nordrheinwestfalen"]
[Date "2013.09.08"]
[Round "1.3"]
[White "Steinzen, Johannes"]
[Black "Leimkuehler, Dirk"]
[Result "1-0"]
[WhiteElo "1815"]
[BlackElo "1833"]
[PlyCount "87"]
[EventDate "2013.09.08"]
[EventType "team-tourn"]
[EventRounds "9"]
[EventCountry "GER"]
[SourceTitle "EXT 2020"]
[Source "ChessBase"]
[SourceDate "2019.10.17"]
[SourceVersion "1"]
[SourceVersionDate "2019.10.17"]
[SourceQuality "1"]
[WhiteTeam "Luenen Horstmar SC"]
[BlackTeam "Welper SV II"]
[WhiteTeamCountry "GER"]
[BlackTeamCountry "GER"]

1. e4 g6 2. d4 Bg7 3. Nf3 d6 4. Be3 c5 5. c3 cxd4 6. Bxd4 Nf6 7. Bc4 0-0 8. Nbd2 Nc6 9. Be3 Bg4 10. h3 Bxf3 11. Qxf3 Ne5 12. Qe2 a6 13. Bb3 b5 14. f4 Ned7 15. 0-0 Qc7 16. Rac1 Qb7 17. Bc2 Rad8 18. Bb1 Nc5 19. Bd4 Ne6 20. Be3 Nh5 21. Kh2 Nc5 22. Qf2 Na4 23. Rc2 e5 24. f5 Nf6 25. Qh4 d5 26. b3 Nb6 27. Bc5 Rfe8 28. fxg6 hxg6 29. Rxf6 Nd7 30. Rd6 Bf8 31. Rxd7 Qxd7 32. Bxf8 Rxf8 33. Nf3 dxe4 34. Rd2 Qc7 35. Rxd8 Rxd8 36. Ng5 Rd1 37. Qh7+ Kf8 38. Ne6+ Ke7 39. Nxc7 Rxb1 40. Nd5+ Ke6 41. Ne3 Rb2 42. Qg8 Rxa2 43. Qe8+ Kf6 44. Ng4+ 1-0